000 00214nam a22000857a 4500
008 161111b xxu||||| |||| 00| 0 eng d
100 _91137
_aBPI India
245 _aIndra the osyter
260 _aNew Delhi
_bBPI India
_c2011
999 _c3797
_d3797